| 000 | 00512nam a2200169 i 4500 | ||
|---|---|---|---|
| 001 | 51447 | ||
| 003 | ES-MaACL | ||
| 005 | 20230906162350.0 | ||
| 007 | t| | ||
| 008 | 030813s1962 sp ||||1| spa d | ||
| 100 | 1 |
_aChevalier, Haakon. _938411 |
|
| 245 | 1 | 3 |
_aEl hombre que quiso ser Dios / _cHaakon Chevalier ; [traducción de José María Aroca]. |
| 260 |
_aBarcelona : _bSeix Barral, _c[1962] |
||
| 300 |
_a365 p. ; _c19 cm. |
||
| 700 | 1 |
_aAroca, José María. _923132 |
|
| 852 |
_aES-MaACL _jC-22057 _bR.49931 |
||
| 999 |
_c51447 _d51447 |
||